Central Library OPAC University of Rajshahi

এ. সি. মেশিন / (Record no. 54915)

MARC details
000 -LEADER
fixed length control field 01097nam a2200253 a 4500
001 - CONTROL NUMBER
control field 54915
003 - CONTROL NUMBER IDENTIFIER
rucl marc code BD-RjUL
005 - DATE AND TIME OF LATEST TRANSACTION
control field 20211209080205.0
008 - FIXED-LENGTH DATA ELEMENTS--GENERAL INFORMATION
fixed length control field 161112b1972 ii ||||| |||| 00| 0 ben d
035 ## - SYSTEM CONTROL NUMBER
System control number (BD-RjUL)55037
040 ## - CATALOGING SOURCE
Original cataloging agency BD-RjUL
Language of cataloging ben
Transcribing agency BD-RjUL
041 ## - LANGUAGE CODE
Language code of text/sound track or separate title ben
082 ## - DEWEY DECIMAL CLASSIFICATION NUMBER
Edition number 23
Classification number 621.3
Author mark and year BHA 1972
100 ## - MAIN ENTRY--PERSONAL NAME
Personal name গঙ্গোপাধ্যায়, শিবপ্রসাদ
9 (RLIN) 163704
245 10 - TITLE STATEMENT
Title এ. সি. মেশিন /
Statement of responsibility, etc. শিবপ্রসাদ গঙ্গোপাধ্যায়, সুধাংশু সমাদ্দার
260 ## - PUBLICATION, DISTRIBUTION, ETC. (IMPRINT)
Place of publication, distribution, etc. কলিকাতা :
Name of publisher, distributor, etc. নিউ সেন্ট্রাল বুক এজেন্সী,
Date of publication, distribution, etc. ১৯৭২ (১৩৭৯).
300 ## - PHYSICAL DESCRIPTION
Pagination খন্ড. :
Illustrations চিত্র ;
Size ২৩ সেমি.
500 ## - GENERAL NOTE
General note নির্ঘন্ট সংযুক্ত
505 ## - FORMATTED CONTENTS NOTE
Formatted contents note খন্ড. ১. --
650 ## - SUBJECT ADDED ENTRY--TOPICAL TERM
Topical term or geographic name as entry element ইলেকট্রিক যন্ত্রপাতি
9 (RLIN) 163705
Topical term or geographic name as entry element Electric machinery
9 (RLIN) 158127
700 ## - ADDED ENTRY--PERSONAL NAME
Personal name সমাদ্দার, সুধাংশু
942 ## - ADDED ENTRY ELEMENTS (KOHA)
Source of classification or shelving scheme Dewey Decimal Classification
Koha item type Books
Holdings
Lost status Source of classification or shelving scheme Damaged status Not for loan Collection code Permanent Location Current Location Shelving location Date acquired Source of acquisition Cost, normal purchase price Total Checkouts Full call number Date last seen Copy number Koha item type
  Dewey Decimal Classification     Non-fiction Central Library, University of Rajshahi Central Library, University of Rajshahi   26/06/1976 Alighor library, Rajshahi. 25.00   B 621.3 BHA V-1 1972 12/11/2016 C-2 Books